000 00506nam a2200169 4500
001 116612
003 ES-MaACL
005 20230906190734.0
007 t|
008 061121s1958 sp r ||||1| gao d
100 1 _aOtero Pedrayo, Ramón,
_d1888-1976
_987917
245 1 0 _aBocarribeira
_b: poemas pra ler e queimar /
_cRamón Otero Pedrayo.
260 _aMadrid :
_bBrais Ointo,
_c1958.
300 _a23 p., 2 lám. ;
_c19 cm.
852 _aES-MaACL
_j2017-F-6
_bR.42731
999 _c116612
_d116612